Catálogo de la Biblioteca Horacio González - Universidad Nacional de General Sarmiento

Sabrina (Registro nro. 54156)

Detalles MARC
000 -CABECERA
campo de control de longitud fija 01438ngm a22003490a 4500
001 - NÚMERO DE CONTROL
campo de control PT58248
003 - IDENTIFICADOR DEL NÚMERO DE CONTROL
campo de control AR-LpoUNG
005 - FECHA Y HORA DE LA ÚLTIMA TRANSACCIÓN
campo de control 20210202000122.0
007 - CAMPO FIJO DE DESCRIPCIÓN FÍSICA--INFORMACIÓN GENERAL
campo de control de longitud fija vd cvaizq
008 - DATOS DE LONGITUD FIJA--INFORMACIÓN GENERAL
campo de control de longitud fija 191001s2004||||ag |||||||||||||||||eng d
037 ## - FUENTE DE ADQUISICIÓN
Condiciones de disponibilidad $5
040 ## - FUENTE DE LA CATALOGACIÓN
Centro catalogador/agencia de origen AR-LpoUNG
Lengua de catalogación spa
Centro/agencia transcriptor AR-LpoUNG
Normas de descripción aacr
041 ## - CÓDIGO DE LENGUA
Código de lengua del texto/banda sonora o título independiente eng
044 ## - CÓDIGO DEL PAÍS DE LA ENTIDAD EDITORA/PRODUCTORA
Código MARC del país ag
082 0# - NÚMERO DE LA CLASIFICACIÓN DECIMAL DEWEY
Número de clasificación 305.235 673sab
100 1# - ENTRADA PRINCIPAL--NOMBRE DE PERSONA
Nombre de persona Wilder, Billy
Término indicativo de función/relación dir.
245 10 - MENCIÓN DE TÍTULO
Título Sabrina
260 ## - PUBLICACIÓN, DISTRIBUCIÓN, ETC.
Lugar de publicación, distribución, etc. Buenos Aires :
Nombre del editor, distribuidor, etc. AVH,
Fecha de publicación, distribución, etc. 2004.
300 ## - DESCRIPCIÓN FÍSICA
Extensión DVD (113 min.) : son., byn
505 0# - NOTA DE CONTENIDO CON FORMATO
Nota de contenido con formato Hecha en 1954 en Estados Unidos. Guión: Billy Wilder, Ernest Lehman, basada en la obra de Samuel A. Taylor. Música: Friedrich Hollaender. Fotografía: Charles Lang. Reparto: Humphrey Bogart, Audrey Hepburn, William Holden, Walter Hampden. Subtítulos en inglés, portugués y castellano. ATP.
520 ## - SUMARIO, ETC.
Sumario, etc. La joven Sabrina, hija del chofer británico de los poderosos Larrabee, está enamorada del hijo menor de la familia, que coquetea con ella por puro entretenimiento. El padre la envía a París, de donde vuelve convertida en una mujer elegante y seductora que trastorna a los dos hermanos Larrabee, tanto al frívolo David como al hermético y adusto Linus.
650 #4 - PUNTO DE ACCESO ADICIONAL DE MATERIA--TÉRMINO DE MATERIA
Término de materia o nombre geográfico como elemento de entrada ESTADOS UNIDOS
650 #4 - PUNTO DE ACCESO ADICIONAL DE MATERIA--TÉRMINO DE MATERIA
Término de materia o nombre geográfico como elemento de entrada JUVENTUD
650 #4 - PUNTO DE ACCESO ADICIONAL DE MATERIA--TÉRMINO DE MATERIA
Término de materia o nombre geográfico como elemento de entrada RELACIONES HUMANAS
653 ## - TÉRMINO DE INDIZACIÓN--NO CONTROLADO
Término no controlado CINE ESTADOUNIDENSE
653 ## - TÉRMINO DE INDIZACIÓN--NO CONTROLADO
Término no controlado COMEDIA
653 ## - TÉRMINO DE INDIZACIÓN--NO CONTROLADO
Término no controlado DVD
653 ## - TÉRMINO DE INDIZACIÓN--NO CONTROLADO
Término no controlado ROMANTICA
653 ## - TÉRMINO DE INDIZACIÓN--NO CONTROLADO
Término no controlado VIDEOS
905 ## - ELEMENTOS DE DATOS E LOCAL, LDE (RLIN)
a 58248
942 ## - ELEMENTOS DE PUNTO DE ACCESO ADICIONAL (KOHA)
Tipo de ítem Koha DVD
Existencias
Estado de retiro Estado de pérdida Estado dañado No para préstamo Código de colección Localización permanente Ubicación/localización actual Fecha de adquisición Total de préstamos Signatura topográfica completa Código de barras Fecha visto por última vez Precio válido a partir de Tipo de ítem Koha
        Colección Cine Biblioteca Universidad Nacional de General Sarmiento Biblioteca Universidad Nacional de General Sarmiento 02/02/2021   305.235 673sab 00062767 02/02/2021 02/02/2021 DVD
        Colección Cine Biblioteca Universidad Nacional de General Sarmiento Biblioteca Universidad Nacional de General Sarmiento 02/02/2021   305.235 673sab 00062768 02/02/2021 02/02/2021 DVD